Statistics for Paris and Google AutoComplete: by Starting Letter

Click here to take the quiz!

General Stats

  • This quiz has been taken 22 times
  • The average score is 10 of 26

Answer Stats

LETTER1st SUGGESTION (2nd suggestion)% Correct
Ffr{ance} ({fashion week)}
95%
Zzo{o} ({zip code)}
82%
Oop{era} ({orly)}
68%
Aai{r show} ({airport)}
68%
Nni{ce} ({news)}
64%
Xxl{} ({x)}
55%
Tti{me} ({temperature)}
55%
Kky{} ({kitchens)}
50%
Iis{ burning} ({isd)}
50%
Wwe{ather} ({)}
45%
Eev{ents} ({eurostar)}
45%
Hho{tels} ({hilton net worth)}
45%
Mme{tro} ({marathon)}
41%
Uun{derground} ({university)}
41%
Ssa{int germain} ({syndrome)}
36%
Yyo{uth hostel} ({youtube)}
32%
Gga{llery} ({gare du nord)}
27%
Bba{guette} ({by mouth)}
23%
Ddi{sneyland} ({day trips)}
18%
Qqu{otes} ({quarters)}
18%
Cca{tacombs} ({charles de gaulle)}
14%
Rro{ubaix} ({review)}
14%
Vvi{site pass} ({vacation)}
14%
Ppa{ss} ({population)}
14%
Lla{s vegas} ({local time)}
9%
Jja{ckson} ({junior college)}
5%

Score Distribution

Percentile by Number Answered

Percent of People with Each Score

Your Score History

You have not taken this quiz